LEADER 01439nam a2200289 4500 001 000000356997 003 CaOOAMICUS 005 20240208122201.0 008 240131s2009 it a 000 u mul r 020 $a978-88-422-1813-5 040 $aSeMil$bita 100 1 $aCampi, Antonia,$d<1921- >.$0(OLS)http://semarc/name/119117 245 10$aAntonia Campi :$bopere scelte : 1949-2009 /$cCarlo Sironi ; testi di Jadranka Bentini ... [et al.]. 246 01$aAntonia Campi :$bselected works : 1949- 2009 264 1$aTorino ; Londra ; Venezia ; New York :$bUmberto Allemandi & C.,$c2009. 300 $a93 p., [1] carta ripieg. :$bin gran parte ill. ;$c35 cm 650 4$aCampi, Antonia - Ceramiche.$0(OLS)http://semarc/subject/55052 700 1 $aBentini, Jadranka,$d<1946- >.$0(OLS)http://semarc/name/387 700 1 $aSironi, Carlo.$0(OLS)http://semarc/name/119073 850 $aSeMil 852 $aSeMil$W1$xVenegono$y1$m5F XI 65$j246246$B248183$CSeMilBibl$Z2$F248183 $81 961 $aPerego don Stefano - Omaggio 996 $6020$a978-88-422-1813-5$9(OLS)http://semarc/number/299735 996 $6245$aAntonia Campi :$bopere scelte : 1949-2009$9(OLS)http://semarc/title/447232 996 $6246$aAntonia Campi :$bselected works : 1949- 2009$9(OLS)http://semarc/title/447231 996 $6264$aTorino ; Londra ; Venezia ; New York :$bUmberto Allemandi & C.$9(OLS)http://semarc/publisher/61515 LEADER 00906naa a2200145 i 4500 001 000000324886 003 CaOOAMICUS 005 20180831173452.0 008 180831n xx u000 u und u 013 $a35797 040 $aSeMil$bita 245 10$aTe Deum (popolare, in italiano) ; Requiem aeternam ; Requiem sanctam ; Audivi vocem ; Libera me ; Domine Jesu Christe ; Usque in vita (tutto il silenzio) ; Litanie dei santi (semplici) ; Oratio fidelium 1. ; Oratio fidelium 2. 650 4$aLibri liturgici - Antifonale ambrosiano.$0(OLS)http://semarc/subject/5210 773 0 $tAntifonale ambrosiano.$dBologna : Clivis $g[file audio]01-10$w()244768 996 $6245$aTe Deum (popolare, in italiano) ; Requiem aeternam ; Requiem sanctam ; Audivi vocem ; Libera me ; Domine Jesu Christe ; Usque in vita (tutto il silenzio) ; Litanie dei santi (semplici) ; Oratio fidelium 1. ; Oratio fidelium 2.$9(OLS)http://semarc/title/398133